Statistics for Presidents who have Made the Most National Parks

Click here to take the quiz!

General Stats

  • This quiz has been taken 59 times
    (33 since last reset)
  • The average score is 9 of 12

Answer Stats

National Parks MadePresident% Correct
3Theodore Roosevelt
100%
9Franklin D Roosevelt
92%
2George H W Bush
85%
5Bill Clinton
81%
3Richard Nixon
77%
11Jimmy Carter
69%
8Woodrow Wilson
69%
4Donald Trump
69%
2Ronald Reagan
69%
4Lyndon B Johnson
65%
2Calvin Coolidge
62%
2Benjamin Harrison
38%

Score Distribution

Percentile by Number Answered

Percent of People with Each Score

Your Score History

You have not taken this quiz since the last reset